Environment and development economics

Guardat en:
Dades bibliogràfiques
Autor corporatiu: Beijer International Institule of Ecological Economics
Format: Revista
Idioma:English
Publicat: Cambridge, UK; New York, NY : Cambridge University Press, 1996-
Etiquetes: Afegir etiqueta
Sense etiquetes, Sigues el primer a etiquetar aquest registre!
Thư viện lưu trữ: Thư viện Trường Đại học Đà Lạt
LEADER 00656nam a2200253 4500
001 DLU070061320
022 # # |a 1355-770X 
040 # # |a DLU  |b eng 
041 # # |a eng 
245 # # |a Environment and development economics 
260 # # |a Cambridge, UK;  |a New York, NY :  |b Cambridge University Press,  |c 1996- 
300 # # |a v. ;  |c 24 cm. 
310 # # |a Bimonthly,   |b 2004- 
321 # # |a Quarterly;   |b 1996-2003 
710 # # |a Beijer International Institule of Ecological Economics 
992 # # |a 0 
994 # # |a DLU 
900 # # |a True 
911 # # |a Lưu Ngọc Hà 
925 # # |a G 
926 # # |a A 
927 # # |a TT 
980 # # |a Thư viện Trường Đại học Đà Lạt